Civilný sporový poriadok komentár
Salvato in:
| Autore principale: | |
|---|---|
| Altri autori: | |
| Natura: | Libro |
| Lingua: | slovacco |
| Pubblicazione: |
Bratislava
Wolters Kluwer
2015
|
| Soggetti: | |
| Tags: |
Nessun Tag, puoi essere il primo ad aggiungerne!!
|
MARC
| LEADER | 00000nam a2200000 4500 | ||
|---|---|---|---|
| 001 | 0224559 | ||
| 005 | 20240318120913.0 | ||
| 020 | |a 978-80-8168-318-3 | ||
| 041 | 0 | |a slo | |
| 044 | |a SK | ||
| 245 | 1 | 0 | |a Civilný sporový poriadok |b komentár |c Edmund Horváth, Andrea Andrášiová |
| 264 | 1 | |a Bratislava |b Wolters Kluwer |c 2015 | |
| 300 | |a 842 s. | ||
| 610 | 2 | 0 | |a poriadok súdny občiansky |
| 610 | 2 | 0 | |a konanie súdne občianske |
| 610 | 2 | 0 | |a spory súdne |
| 610 | 2 | 0 | |a predpisy právne |
| 610 | 2 | 0 | |a legislatíva |
| 610 | 2 | 0 | |a súdy |
| 610 | 2 | 0 | |a Slovensko |
| 610 | 2 | 0 | |a Európa |
| 610 | 2 | 0 | |a zákon č. 160/2015 Z. z. |
| 100 | 1 | |a Horváth, Edmund | |
| 700 | 1 | |a Andrášiová, Andrea | |